000 00675nam a2200265Ia 4500
005 20260121170358.0
008 008 260114s9999 xx 000 0 eng d
020 _a9789811084119
037 _aEBOOK
040 _aCRL
040 _beng
040 _cCRL
041 _2eng
041 _aeng
084 _qCRL
100 _aMichael A. Peters, Jeff Stickney
_91063175
245 0 _aWittgenstein’s Education: 'A Picture Held Us Captive’
260 _bSpringer
260 _bSpringer
260 _c2018
856 _uhttps://link.springer.com/openurl?genre=book&isbn=978-981-10-8411-9
942 _cEBOOK
999 _c1628904
_d1628904